000 01212nam2a2200229 4500
001 rc\2908721
005 20260315054120.0
035 _a(NLR Aleph) 007059576
090 _a13592802
_c13592802
100 _a20110805d1933 u y0rusy50 ca
101 0 _arus
102 _aRU
105 _aa z |||||
200 1 _aПланиметрия
_e6-8 годы обуч.
210 _d1933
215 _aПер., 160 с.
_cчерт.
461 0 _1001rc\2908720
_12001#$aСистематический курс геометрии$eУчебник для средн. школы ... Утв. Коллегией Наркомпроса РСФСР.Ч. 1-$fЮ.О. Гурвиц и Р.В. Гангнус$vЧ. 1
_1700#1$aГурвиц$bЮ.О.$gЮлий Осипович$f1882-1953
_96271548
_aГурвиц, Ю.О. (1882-1953)
_cМосква
_d1933
_fЮ.О. Гурвиц и Р.В. Гангнус
_nГос. учеб. пед. изд-во
_oУчебник для средн. школы ... Утв. Коллегией Наркомпроса РСФСР.Ч. 1-
_tСистематический курс геометрии
_vЧ. 1
801 0 _aRU
_bNLR
_gpsbo
801 1 _aRU
_bELAR
_2rusmarc
852 _aNLR
_j33-18/591(1)
942 _cUNSPEC
980 _aNB